Atlas of virus diagrams /

Bewaard in:
Bibliografische gegevens
Hoofdauteur: Ackermann, Hans-Wolfgang, 1936-
Andere auteurs: Berthiaume, Laurent, 1941-
Formaat: Boek
Taal:English
Gepubliceerd in: Boca Raton : CRC Press, c1995.
Onderwerpen:
Online toegang:Publisher description
LEADER 01394cam a2200373 a 4500
001 c000389944
003 CARM
005 20120511124007.0
008 120511s1995 flua b 001 0 eng d
010 |a 94049598 
019 1 |a 11390074  |5 LACONCORD2021 
020 |a 0849324572 (acid-free paper) 
035 |a (OCoLC)31819705  |5 LACONCORD2021 
040 |a LC  |b eng  |c LC  |d LC 
050 0 0 |a QR363  |b .A25 1995 
060 0 |a QW 17 A182a 1995 
060 0 0 |a QW 17 A182a 1995 
082 0 4 |a 576.640222  |2 20 
082 0 4 |a 579.20222  |2 21 
100 1 |a Ackermann, Hans-Wolfgang,  |d 1936- 
245 1 0 |a Atlas of virus diagrams /  |c Hans-W. Ackermann and Laurent Berthiaume. 
246 3 0 |a Virus diagrams 
260 |a Boca Raton :  |b CRC Press,  |c c1995. 
300 |a 151 p. :  |b ill. ;  |c 29 cm. 
504 |a Includes bibliographical references (p. 141-148) and index. 
650 0 |a Viruses  |v Atlases. 
650 0 |a Viruses  |x Classification. 
700 1 |a Berthiaume, Laurent,  |d 1941- 
852 8 |b CARM  |p 0579593  |f BK 
852 8 |b SCAN  |h A3:AG22C0  |i F08253  |p 0579593  |f BK 
856 4 2 |3 Publisher description  |u http://www.loc.gov/catdir/enhancements/fy0744/94049598-d.html 
999 f f |i 43a1bb81-a83e-5223-8bb2-ff4d71e14dab  |s 24d3afa0-ab35-5dba-8444-7946e14231b5 
952 f f |p Can circulate  |a CAVAL  |b CAVAL  |c CAVAL  |d CARM 1 Store  |i book  |m 0579593 
952 f f |a CAVAL  |b CAVAL  |c CAVAL  |d Unmapped Location  |e F08253  |f A3:AG22C0  |h Other scheme